00551nam a2200157 450000500170000001000150001702000250003203500140005703700130007108200080008410000180009224500770011026000420018727001410022930000230037020191217141636.0 aENG-127166 a978938952355c295.00 aEN-110698 bDBAD/PUB a000 aSandeep Kumar aCTET paper I & II :cby Sandeep Kumarbchild development and pedagogy / aNoidabPearson India Education c2020 a15th Floor, Tower-B, World Trade Tower, Plot No. 1 Block- C, Sector-16bNoida, Uttar Pradeshe201301mcompanysecretary.india@pearson.com ax;244p.c24cm(pbk)